000 01290nam a2200349 a 4500
001 ebr10542559
003 CaPaEBR
006 m u
007 cr cn|||||||||
008 111207s2012 inua s 001 0 eng d
010 _z 2011945018
020 _z111810112X (pbk : alk. paper)
020 _z9781118101124
020 _z9781118223802 (e-book)
040 _aCaPaEBR
_cCaPaEBR
035 _a(OCoLC)787849868
050 1 4 _aQA76.9.D3
_bP76 2012eb
245 0 0 _aProfessional Microsoft SQL server 2012 integration services
_h[electronic resource] /
_cBrian Knight ... [et al.].
250 _a1st ed.
260 _aIndianapolis, Ind. :
_bWiley Pub.,
_c2012.
300 _axxxiv, 925 p. :
_bill.
500 _a"Programmer to programmer."
500 _aIncludes index.
533 _aElectronic reproduction.
_bPalo Alto, Calif. :
_cebrary,
_d2011.
_nAvailable via World Wide Web.
_nAccess may be limited to ebrary affiliated libraries.
630 0 0 _aSQL server.
650 0 _aDatabase management.
650 0 _aRelational databases.
655 7 _aElectronic books.
_2local
700 1 _aKnight, Brian.
710 2 _aebrary, Inc.
856 4 0 _uhttp://site.ebrary.com/lib/rucke/Doc?id=10542559
_zAn electronic book accessible through the World Wide Web; click to view
999 _c135827
_d135827